[Event "Eastern Ontario op"]
[Site "Ottawa CAN"]
[Date "2016.06.25"]
[Round "2"]
[White "Sadeghi, Saeid"]
[Black "Cova, Ramon"]
[Result "0-1"]
[WhiteElo "2098"]
[BlackElo "2085"]
[PlyCount "60"]
[EventDate "2016.06.24"]
[EventType "swiss"]
[EventRounds "5"]
[EventCountry "CAN"]

1. d4 d5 2. c4 c6 3. Nf3 Nf6 4. e3 Bf5 5. Qb3 Qc7 6. cxd5 Nxd5 7. Nc3 e6 8. e4
Nxc3 9. exf5 Nd5 10. fxe6 Bb4+ 11. Bd2 Bxd2+ 12. Nxd2 O-O 13. exf7+ Rxf7 14.
O-O-O Rxf2 15. Bc4 Nd7 16. Bxd5+ cxd5+ 17. Kb1 Nb6 18. g3 Re8 19. Qd3 Rfe2 20.
Rc1 Qd7 21. Rc3 Qh3 22. Rd1 Qxh2 23. b3 Qf2 24. g4 Qf4 25. Rh1 Re1+ 26. Rxe1
Rxe1+ 27. Kb2 Rd1 28. Kc2 Rg1 29. a4 Qxg4 30. a5 Qd1+ 0-1

[Event "Eastern Ontario op"]
[Site "Ottawa CAN"]
[Date "2016.06.25"]
[Round "2"]
[White "Zhou, Qiyu"]
[Black "Qiao, Cindy"]
[Result "1-0"]
[WhiteElo "2239"]
[BlackElo "1741"]
[PlyCount "79"]
[EventDate "2016.06.24"]
[EventType "swiss"]
[EventRounds "5"]
[EventCountry "CAN"]

1. e4 c5 2. Nf3 d6 3. d4 cxd4 4. Nxd4 Nf6 5. Nc3 g6 6. Be3 Bg7 7. f3 Nc6 8. Qd2
O-O 9. O-O-O d5 10. Qe1 e5 11. Nxc6 bxc6 12. exd5 cxd5 13. Bg5 d4 14. Qxe5 Ng4
15. Qxg7+ Kxg7 16. Bxd8 dxc3 17. fxg4 cxb2+ 18. Kxb2 Bxg4 19. Rd4 Rfxd8 20.
Rxg4 Rd1 21. Rb4 a5 22. Rb6 a4 23. a3 h5 24. g3 Rd4 25. Bd3 Ra7 26. Re1 g5 27.
Re5 f6 28. Ree6 Rf7 29. Rb4 Rfd7 30. Kc3 Rxb4 31. Kxb4 Rd4+ 32. Kc5 Rd8 33.
Re7+ Kg8 34. Ra7 Rf8 35. Bc4+ Kh8 36. Rf7 Rxf7 37. Bxf7 h4 38. Kd6 Kg7 39. Ke7
f5 40. c4 1-0

[Event "Eastern Ontario op"]
[Site "Ottawa CAN"]
[Date "2016.06.25"]
[Round "3"]
[White "Donev, Danail"]
[Black "Collins, Chris"]
[Result "1-0"]
[WhiteElo "1945"]
[BlackElo "2075"]
[PlyCount "85"]
[EventDate "2016.06.24"]
[EventType "swiss"]
[EventRounds "5"]
[EventCountry "CAN"]

1. e4 e5 2. Nf3 Nc6 3. d4 exd4 4. Nxd4 Nf6 5. Nxc6 bxc6 6. e5 Qe7 7. Qe2 Nd5 8.
c4 Nb6 9. Nd2 Qe6 10. b3 a5 11. Bb2 a4 12. g3 Be7 13. Bg2 axb3 14. axb3 Rxa1+
15. Bxa1 O-O 16. O-O f6 17. Re1 fxe5 18. Qxe5 Qxe5 19. Bxe5 Bb4 20. Rd1 d6 21.
Bf4 Bxd2 22. Rxd2 Bb7 23. Ra2 Ra8 24. Rxa8+ Bxa8 25. Kf1 c5 26. Bxa8 Nxa8 27.
Ke2 Kf7 28. Kd3 Nb6 29. Ke4 Ke6 30. Bd2 c6 31. Ba5 d5+ 32. Kd3 Nd7 33. f4 Nf6
34. Be1 Kf5 35. cxd5 cxd5 36. b4 cxb4 37. Bxb4 Kg4 38. Kd4 Kh3 39. Be7 Kxh2 40.
Bxf6 gxf6 41. g4 Kg3 42. g5 fxg5 43. f5 1-0

[Event "Eastern Ontario op"]
[Site "Ottawa CAN"]
[Date "2016.06.25"]
[Round "3"]
[White "Gordon, David"]
[Black "Zhou, Qiyu"]
[Result "1/2-1/2"]
[WhiteElo "2237"]
[BlackElo "2239"]
[PlyCount "96"]
[EventDate "2016.06.24"]
[EventType "swiss"]
[EventRounds "5"]
[EventCountry "CAN"]

1. d4 Nf6 2. Bg5 d5 3. Bxf6 gxf6 4. c4 dxc4 5. e3 c5 6. Bxc4 cxd4 7. Nc3 Nc6 8.
Qh5 e6 9. O-O-O Qa5 10. Qxa5 Nxa5 11. Bb5+ Nc6 12. exd4 Bd7 13. Nge2 Rc8 14. d5
exd5 15. Kb1 a6 16. Ba4 Bf5+ 17. Ka1 b5 18. Bb3 Bg7 19. Nxd5 O-O 20. Nd4 Nxd4
21. Ne7+ Kh8 22. Rxd4 Rc5 23. Nxf5 Rxf5 24. f4 Rc5 25. Kb1 Rc7 26. Rhd1 f5 27.
Rd7 Rxd7 28. Rxd7 Re8 29. Bd5 h6 30. Bf3 Re1+ 31. Kc2 Ra1 32. Bd5 Rf1 33. Bxf7
Rxf4 34. b3 Be5 35. Be6 Rf2+ 36. Rd2 Rxd2+ 37. Kxd2 Bxh2 38. b4 Bc7 39. Bxf5
Kg7 40. Bc8 a5 41. a3 Kf6 42. Ba6 axb4 43. axb4 Ke6 44. Bxb5 Bf4+ 45. Kc3 Kd6
46. Be8 Kc7 47. Kc4 Kb6 48. Kd5 Bg5 1/2-1/2

[Event "Eastern Ontario op"]
[Site "Ottawa CAN"]
[Date "2016.06.25"]
[Round "3"]
[White "Pace, Christopher"]
[Black "Marin, Sam"]
[Result "1-0"]
[WhiteElo "2205"]
[BlackElo "1950"]
[PlyCount "85"]
[EventDate "2016.06.24"]
[EventType "swiss"]
[EventRounds "5"]
[EventCountry "CAN"]

1. d4 Nf6 2. c4 e6 3. Nf3 b6 4. g3 Bb7 5. Bg2 Bb4+ 6. Bd2 Be7 7. O-O O-O 8. Nc3
Ne4 9. d5 Nxd2 10. Qxd2 d6 11. Nd4 e5 12. Nc2 f5 13. f4 Nd7 14. e4 exf4 15. Nd4
Rf6 16. Ne6 Qc8 17. exf5 fxg3 18. hxg3 Nc5 19. Nd4 a5 20. Rae1 Qd7 21. g4 h6
22. Ne6 Rf7 23. Re3 Bf6 24. Nb5 Rc8 25. Rh3 Ba6 26. Na3 Qa4 27. g5 hxg5 28.
Nxg5 Qb4 29. Qf4 Qxb2 30. Qh2 Kf8 31. Re3 Be5 32. Qh5 g6 33. Qh6+ Bg7 34. Qxg6
Rf6 35. Nh7+ Kg8 36. Nxf6+ Qxf6 37. Re8+ Rxe8 38. Qxe8+ Kh7 39. Qh5+ Kg8 40.
Re1 Qd4+ 41. Kh1 Be5 42. f6 Bxf6 43. Qg6+ 1-0

[Event "Eastern Ontario op"]
[Site "Ottawa CAN"]
[Date "2016.06.25"]
[Round "4"]
[White "Cova, Ramon"]
[Black "Gordon, David"]
[Result "0-1"]
[WhiteElo "2085"]
[BlackElo "2237"]
[PlyCount "80"]
[EventDate "2016.06.24"]
[EventType "swiss"]
[EventRounds "5"]
[EventCountry "CAN"]

1. d4 Nf6 2. Nf3 c5 3. e3 d5 4. b3 Nc6 5. Bd3 Bg4 6. Bb2 Qa5+ 7. Qd2 Qc7 8. Nc3
Bxf3 9. gxf3 e6 10. a3 a6 11. Ne2 e5 12. dxc5 Bxc5 13. Ng3 g6 14. f4 Qe7 15.
fxe5 Nxe5 16. Be2 O-O 17. Qc3 d4 18. exd4 Bxd4 19. Qxd4 Nf3+ 20. Kf1 Nxd4 21.
Bxd4 Ne4 22. Bd3 Nd2+ 23. Kg2 Qd6 24. Be3 Qd5+ 25. Kg1 Nxb3 26. Rd1 Nc5 27. Be2
Qc6 28. h3 Rad8 29. Kh2 Rxd1 30. Rxd1 Ne6 31. Bd3 f5 32. Bh6 Rd8 33. Re1 Kf7
34. Rb1 b5 35. h4 Nd4 36. Bg5 Nf3+ 37. Kh3 Rd4 38. Rb4 Nxg5+ 39. hxg5 Rxb4 40.
axb4 Qf3 0-1

[Event "Eastern Ontario op"]
[Site "Ottawa CAN"]
[Date "2016.06.25"]
[Round "4"]
[White "Marin, Sam"]
[Black "Doubleday, William"]
[Result "0-1"]
[WhiteElo "1950"]
[BlackElo "2028"]
[PlyCount "70"]
[EventDate "2016.06.24"]
[EventType "swiss"]
[EventRounds "5"]
[EventCountry "CAN"]

1. e4 c5 2. Nf3 Nc6 3. d4 cxd4 4. Nxd4 Qb6 5. Nb3 Nf6 6. Nc3 e6 7. Be3 Qc7 8.
a3 a6 9. f4 d6 10. Be2 Be7 11. a4 b6 12. Bf3 Rb8 13. Qe2 O-O 14. g4 Na5 15. Nd2
Bb7 16. g5 Nd7 17. O-O Rfc8 18. Bg2 Nc4 19. Nxc4 Qxc4 20. Qg4 b5 21. axb5 axb5
22. Rf2 Ra8 23. Rxa8 Rxa8 24. Bf1 Ra1 25. Nd1 Qxe4 26. Bg2 Qxe3 27. Bxb7 Nc5
28. Bf3 Ne4 29. Bxe4 Qxe4 30. c3 d5 31. Rf1 Bc5+ 32. Nf2 Re1 33. Qg3 Rxf1+ 34.
Kxf1 Qb1+ 35. Kg2 Qxb2 0-1

[Event "Eastern Ontario op"]
[Site "Ottawa CAN"]
[Date "2016.06.25"]
[Round "4"]
[White "Sadeghi, Saeid"]
[Black "Donev, Danail"]
[Result "1/2-1/2"]
[WhiteElo "2098"]
[BlackElo "1945"]
[PlyCount "30"]
[EventDate "2016.06.24"]
[EventType "swiss"]
[EventRounds "5"]
[EventCountry "CAN"]

1. d4 Nf6 2. Nf3 g6 3. Bg5 Bg7 4. Nbd2 O-O 5. e4 d6 6. c3 Nbd7 7. Bc4 e5 8.
dxe5 dxe5 9. O-O c6 10. Qe2 Qc7 11. Rfd1 Nc5 12. b4 Ne6 13. Bxe6 Bxe6 14. Nc4
Bxc4 15. Qxc4 Rfd8 1/2-1/2

[Event "Eastern Ontario op"]
[Site "Ottawa CAN"]
[Date "2016.06.25"]
[Round "4"]
[White "Zhou, Qiyu"]
[Black "Pace, Christopher"]
[Result "1-0"]
[WhiteElo "2239"]
[BlackElo "2205"]
[PlyCount "71"]
[EventDate "2016.06.24"]
[EventType "swiss"]
[EventRounds "5"]
[EventCountry "CAN"]

1. e4 e5 2. Nf3 Nc6 3. Bb5 a6 4. Ba4 Nf6 5. O-O b5 6. Bb3 Be7 7. Re1 O-O 8. h3
d6 9. c3 Na5 10. Bc2 c5 11. d4 Qc7 12. Nbd2 cxd4 13. cxd4 Nc6 14. Nb3 a5 15.
Be3 a4 16. Nbd2 Nb4 17. Bb1 a3 18. Qb3 Qa5 19. dxe5 dxe5 20. Qxa3 Qxa3 21. bxa3
Rxa3 22. Nxe5 Be6 23. Ndf3 Rfa8 24. Nd4 Bxa2 25. Nxb5 R3a5 26. Bxa2 Rxa2 27.
Rxa2 Rxa2 28. Rc1 Rc2 29. Ra1 h6 30. Ra8+ Kh7 31. Nxf7 Nxe4 32. Nd4 Rb2 33. Ne6
Kg6 34. Nh8+ Kf5 35. Nxg7+ Ke5 36. Ng6+ 1-0

[Event "Eastern Ontario op"]
[Site "Ottawa CAN"]
[Date "2016.06.26"]
[Round "5"]
[White "Demchenko, Svitlana"]
[Black "Sadeghi, Saeid"]
[Result "0-1"]
[WhiteElo "2003"]
[BlackElo "2098"]
[PlyCount "102"]
[EventDate "2016.06.24"]
[EventType "swiss"]
[EventRounds "5"]
[EventCountry "CAN"]

1. d4 Nf6 2. c4 e6 3. Nc3 Bb4 4. a3 Bxc3+ 5. bxc3 c5 6. Qc2 Nc6 7. Nf3 b6 8. e4
d5 9. e5 Ne4 10. cxd5 exd5 11. Bb5 Bd7 12. Bd3 Bf5 13. Qa4 Qc8 14. Bb5 Bd7 15.
Bb2 O-O 16. O-O a6 17. Bxc6 Qxc6 18. Qxc6 Bxc6 19. a4 Bd7 20. h3 Rfc8 21. Rfd1
cxd4 22. Rxd4 Be6 23. Ra3 Rc6 24. Nd2 Nxd2 25. Rxd2 Rc4 26. Rd4 Rac8 27. Rb3
R8c6 28. f4 g6 29. Kf2 Kf8 30. Ke3 h5 31. Rb4 Rxb4 32. Rxb4 Ke8 33. h4 Kd7 34.
Kd3 Kc7 35. Ba3 a5 36. Rd4 b5 37. axb5 Rb6 38. Ra4 Rxb5 39. Bc1 Kb6 40. Ra2 Ka6
41. g3 Rb1 42. Kd2 d4 43. Ra3 d3 44. Ra4 Kb5 45. Rd4 Bc4 46. Rd8 Ra1 47. Rb8+
Ka4 48. Rc8 Ra2+ 49. Ke3 Re2+ 50. Kd4 Ba6 51. c4 Bxc8 0-1

[Event "Eastern Ontario op"]
[Site "Ottawa CAN"]
[Date "2016.06.25"]
[Round "5"]
[White "Donev, Danail"]
[Black "Cova, Ramon"]
[Result "0-1"]
[WhiteElo "1945"]
[BlackElo "2085"]
[PlyCount "56"]
[EventDate "2016.06.24"]
[EventType "swiss"]
[EventRounds "5"]
[EventCountry "CAN"]

1. c4 e5 2. Nc3 Nc6 3. g3 f5 4. Bg2 Nf6 5. d3 Bb4 6. e3 d6 7. Nge2 Be6 8. O-O
Bxc3 9. Nxc3 O-O 10. b3 Qd7 11. Nd5 Bxd5 12. cxd5 Nb4 13. e4 Qb5 14. a4 Qxd3
15. Qxd3 Nxd3 16. exf5 Nb4 17. Rd1 Nc2 18. Rb1 Nd4 19. Bb2 Nxf5 20. Rbc1 Rf7
21. Bh3 g6 22. g4 Nh4 23. f4 Ne4 24. g5 Rxf4 25. Be6+ Kh8 26. Rxc7 Rf2 27.
Bxe5+ dxe5 28. Bg4 Rg2+ 0-1

[Event "Eastern Ontario op"]
[Site "Ottawa CAN"]
[Date "2016.06.26"]
[Round "5"]
[White "Doubleday, William"]
[Black "Zhou, Qiyu"]
[Result "1/2-1/2"]
[WhiteElo "2028"]
[BlackElo "2239"]
[PlyCount "99"]
[EventDate "2016.06.24"]
[EventType "swiss"]
[EventRounds "5"]
[EventCountry "CAN"]

1. d4 Nf6 2. c4 e6 3. Nc3 Bb4 4. e3 O-O 5. Nge2 d5 6. a3 Be7 7. cxd5 exd5 8. g3
a5 9. Bg2 Na6 10. O-O Re8 11. Bd2 Bf8 12. Qc2 c6 13. Rad1 Nc7 14. Bc1 Ne6 15.
f3 c5 16. Kh1 Bd7 17. dxc5 Nxc5 18. e4 dxe4 19. fxe4 Qc8 20. Bg5 Nfxe4 21. Nxe4
Nxe4 22. Qxc8 Bxc8 23. Rd8 Rxd8 24. Bxd8 Nd2 25. Rf4 Be6 26. Bb6 Nc4 27. Bd4
Rb8 28. Rf2 f6 29. Nf4 Bf7 30. Re2 Rd8 31. Bc3 Rd1+ 32. Re1 Rd7 33. Ne6 Be7 34.
Bh3 Bh5 35. Nf4 Bf3+ 36. Ng2 Rc7 37. Be6+ Kf8 38. Kg1 Bc5+ 39. Kf1 Bb6 40. Nh4
Bh5 41. Nf5 Nxa3 42. Nd4 Bxd4 43. Bxd4 Nb5 44. Bb6 Rc2 45. Bb3 Rc8 46. Bxa5 Bf7
47. Bb4+ Kg8 48. Bxf7+ Kxf7 49. Re7+ Kg6 50. Rxb7 1/2-1/2

[Event "Eastern Ontario op"]
[Site "Ottawa CAN"]
[Date "2016.06.26"]
[Round "5"]
[White "Gordon, David"]
[Black "Pace, Christopher"]
[Result "0-1"]
[WhiteElo "2237"]
[BlackElo "2205"]
[PlyCount "106"]
[EventDate "2016.06.24"]
[EventType "swiss"]
[EventRounds "5"]
[EventCountry "CAN"]

1. d4 Nf6 2. Bg5 Ne4 3. Bf4 d5 4. e3 g6 5. Bd3 Nf6 6. h3 Bg7 7. Nf3 c5 8. c3
O-O 9. O-O Qb6 10. Qc1 Nc6 11. Nbd2 Re8 12. dxc5 Qxc5 13. b4 Qb6 14. b5 e5 15.
bxc6 exf4 16. Rb1 Qc7 17. cxb7 Bxb7 18. exf4 Bc8 19. Ne5 Nh5 20. Ndf3 Bh6 21.
Bb5 Rxe5 22. Nxe5 Bxf4 23. Qd1 Bxe5 24. Qxd5 Bb7 25. Qd7 Nf4 26. Rfe1 Bxg2 27.
Qxc7 Bxc7 28. Re7 Bb6 29. Bc4 Bd5 30. Bxd5 Nxd5 31. Re5 Nxc3 32. Rc1 Bd4 33.
Re7 Kf8 34. Rce1 Rd8 35. Kg2 Rd6 36. a3 Rf6 37. f3 Rf5 38. h4 Kg7 39. Rd7 Bb6
40. Ree7 Nd5 41. Re1 Ne3+ 42. Kg3 Nc2 43. Red1 Nxa3 44. R1d5 Rf6 45. h5 Nc4 46.
hxg6 hxg6 47. f4 Ne3 48. Rd3 Nf5+ 49. Kg4 Nh6+ 50. Kf3 g5 51. Kg3 Rxf4 52. Ra3
Nf5+ 53. Kh3 Rh4+ 0-1

[Event "Eastern Ontario op"]
[Site "Ottawa CAN"]
[Date "2016.06.25"]
[Round "5"]
[White "Zhang, Jeff"]
[Black "Marin, Sam"]
[Result "0-1"]
[WhiteElo "1901"]
[BlackElo "1950"]
[PlyCount "72"]
[EventDate "2016.06.24"]
[EventType "swiss"]
[EventRounds "5"]
[EventCountry "CAN"]

1. e4 e6 2. d4 d5 3. Nd2 dxe4 4. Nxe4 Nf6 5. Bd3 Nbd7 6. Nf3 Nxe4 7. Bxe4 Nf6
8. Bd3 c5 9. O-O Be7 10. c3 O-O 11. Qc2 cxd4 12. Nxd4 Qd5 13. Be3 b6 14. f3 Bb7
15. Ne2 Bc5 16. Bxc5 Qxc5+ 17. Kh1 h5 18. Ng3 Nd5 19. Ne4 Qc7 20. Qf2 Qf4 21.
Qg3 h4 22. Qxf4 Nxf4 23. Rad1 Nxd3 24. Rxd3 Ba6 25. Rdd1 Bxf1 26. Rxf1 Rfd8 27.
Kg1 Rd5 28. Re1 Rad8 29. Kf2 Kh7 30. Ke3 Kg6 31. Kf4 e5+ 32. Ke3 Rd3+ 33. Ke2
f5 34. Nf2 Rd2+ 35. Kf1 Rxb2 36. Rxe5 Rdd2 0-1

[Event "Emmanuel Lasker"]
[Site "Trois-Rivieres CAN"]
[Date "2016.11.21"]
[Round "5"]
[White "Lemyre, Jasmin"]
[Black "Martin, Phillip"]
[Result "1/2-1/2"]
[WhiteElo "1237"]
[BlackElo "1179"]
[PlyCount "101"]
[EventDate "2016.10.24"]
[EventType "swiss"]
[EventRounds "6"]
[EventCountry "CAN"]

1. e4 e5 2. Nf3 Nc6 3. Bb5 Nf6 4. O-O a6 5. Ba4 Bc5 6. c3 b5 7. Bc2 d6 8. d4
Bb6 9. dxe5 dxe5 10. Qxd8+ Nxd8 11. Nxe5 O-O 12. Bg5 Re8 13. Bxf6 gxf6 14. Nf3
Bb7 15. Nbd2 Ne6 16. b4 c5 17. a3 c4 18. a4 Kh8 19. axb5 axb5 20. Nh4 Nf4 21.
Nf5 Ne2+ 22. Kh1 Rxa1 23. Rxa1 Bxf2 24. Nd6 Ra8 25. Rxa8+ Bxa8 26. Nxb5 Bc6 27.
Nd6 Nxc3 28. N2xc4 h5 29. Nxf7+ Kg7 30. Nfd6 Kh6 31. e5 fxe5 32. Nxe5 Bd5 33.
Bd3 Ba7 34. Nd7 Nd1 35. Ba6 Nf2+ 36. Kg1 Ne4+ 37. Kf1 Nxd6 38. b5 Bc4+ 39. Ke1
Be3 40. Ne5 Bxb5 41. Bxb5 Nxb5 42. h3 Nd4 43. Ng4+ hxg4 44. hxg4 Kg5 45. Kd1
Kxg4 46. g3 Kxg3 47. Ke1 Kg2 48. Kd1 Kf3 49. Ke1 Nc2+ 50. Kd1 Nd4 51. Ke1
1/2-1/2

[Event "Eveil Printanier"]
[Site "Gatineau CAN"]
[Date "2016.03.01"]
[Round "1"]
[White "Gagnon, Fabien"]
[Black "Danilov, Alex"]
[Result "1-0"]
[WhiteElo "2008"]
[BlackElo "1781"]
[PlyCount "63"]
[EventDate "2016.03.01"]
[EventType "swiss"]
[EventRounds "5"]
[EventCountry "CAN"]

1. Nf3 Nf6 2. d4 d5 3. g3 c6 4. Bg2 Nbd7 5. O-O h6 6. c4 e6 7. Nbd2 Bd6 8. Re1
O-O 9. e4 dxe4 10. Nxe4 Nxe4 11. Rxe4 Nf6 12. Re1 Bb4 13. Bd2 Qa5 14. Bxb4 Qxb4
15. Qc2 Bd7 16. a3 Qb6 17. c5 Qc7 18. Ne5 Rad8 19. b4 Bc8 20. Red1 Nd5 21. Nc4
Nf6 22. Rac1 Qe7 23. Qe2 Rd7 24. a4 Rfd8 25. Qe3 Ng4 26. Qf4 Nf6 27. b5 Nd5 28.
Qe5 Qf6 29. Qb8 Ne7 30. Nd6 e5 31. Bh3 Rxd6 32. cxd6 1-0

[Event "Eveil Printanier"]
[Site "Gatineau CAN"]
[Date "2016.03.01"]
[Round "1"]
[White "Scantland, Patrick"]
[Black "Raymond, Daniel"]
[Result "1-0"]
[WhiteElo "1691"]
[BlackElo "1794"]
[PlyCount "161"]
[EventDate "2016.03.01"]
[EventType "swiss"]
[EventRounds "5"]
[EventCountry "CAN"]

1. d4 d5 2. c4 e6 3. Nc3 c5 4. cxd5 exd5 5. Nf3 Nc6 6. g3 Nf6 7. Bg2 Be7 8.
dxc5 Bxc5 9. O-O O-O 10. Bg5 Be7 11. Nd4 h6 12. Bf4 Nxd4 13. Qxd4 Be6 14. Rfd1
Qa5 15. Rac1 Bc5 16. Qa4 Qb6 17. e3 Rfd8 18. Qc2 Bd6 19. Bxd6 Rxd6 20. Rd4 Rc8
21. Qd2 a6 22. Rd1 Rcd8 23. h3 Qc6 24. a3 Qc8 25. Kh2 Rc6 26. e4 Rc4 27. Rxc4
Qxc4 28. exd5 Rd6 29. Qd4 Qxd4 30. Rxd4 b5 31. b4 Kf8 32. Rd1 Bf5 33. g4 Bc2
34. Rd2 Bb3 35. Kg3 g5 36. f4 Bc4 37. fxg5 hxg5 38. Kf2 Ke7 39. Ke3 Rd8 40. Kd4
Rd6 41. Rf2 Bb3 42. Rf5 Nh7 43. Ne4 Rg6 44. Re5+ Kd8 45. Nc5 Bc2 46. Bf3 Rb6
47. Ne4 f6 48. Re6 Rxe6 49. dxe6 Ke7 50. Nc5 Nf8 51. Bb7 Kd6 52. Bxa6 Ba4 53.
Bc8 Ng6 54. Ne4+ Ke7 55. Kc5 Nf4 56. Nf2 Nxe6+ 57. Bxe6 Kxe6 58. Kd4 f5 59.
gxf5+ Kxf5 60. Ke3 Bb3 61. Ne4 Ba4 62. Nc3 Bb3 63. Nxb5 Bd1 64. Nd4+ Kf6 65.
Ke4 g4 66. hxg4 Bxg4 67. a4 Ke7 68. Kd5 Kd7 69. Kc5 Kc7 70. b5 Bc8 71. a5 Kb7
72. Nc6 Ka8 73. Kb6 Ba6 74. Ne7 Bxb5 75. Kxb5 Kb7 76. Nd5 Kb8 77. Nb6 Kb7 78.
a6+ Ka7 79. Nd5 Kb8 80. Kb6 Ka8 81. Nc7+ 1-0

[Event "Eveil Printanier"]
[Site "Gatineau CAN"]
[Date "2016.03.01"]
[Round "1"]
[White "Thibault, Mario"]
[Black "Rose, Richard"]
[Result "1/2-1/2"]
[WhiteElo "1767"]
[BlackElo "1882"]
[PlyCount "75"]
[EventDate "2016.03.01"]
[EventType "swiss"]
[EventRounds "5"]
[EventCountry "CAN"]

1. e4 c5 2. Nc3 Nc6 3. f4 d6 4. Bb5 g6 5. Nf3 Bg7 6. d3 Nf6 7. O-O O-O 8. Bxc6
bxc6 9. Qe1 Rb8 10. Qh4 e6 11. e5 Nd5 12. Qxd8 Rxd8 13. Na4 Nb4 14. Rf2 Bf8 15.
b3 d5 16. Nb2 d4 17. Ng5 Ba6 18. Ne4 Nd5 19. Na4 Rb5 20. Ba3 Nb4 21. Naxc5 Nd5
22. b4 Bc8 23. Nb3 Nxb4 24. Bxb4 Bxb4 25. a4 Rb6 26. Rff1 a5 27. Rab1 Kg7 28.
Nc1 Bd7 29. Nb3 Be8 30. Rfd1 Rdb8 31. Nf6 c5 32. Nxe8+ Rxe8 33. Nd2 Reb8 34.
Nc4 R6b7 35. Nd6 Rb6 36. Nc4 R6b7 37. Nd6 Rb6 38. Nc4 1/2-1/2

[Event "Eveil Printanier"]
[Site "Gatineau CAN"]
[Date "2016.03.08"]
[Round "2"]
[White "Jobin, Gilles G"]
[Black "Lecorre, Joel"]
[Result "1-0"]
[WhiteElo "1752"]
[BlackElo "1592"]
[PlyCount "83"]
[EventDate "2016.03.01"]
[EventType "swiss"]
[EventRounds "5"]
[EventCountry "CAN"]

1. e4 e5 2. Nf3 Nc6 3. Nc3 Nf6 4. d4 exd4 5. Nxd4 Bc5 6. Be3 d6 7. Nxc6 bxc6 8.
Bxc5 dxc5 9. Qxd8+ Kxd8 10. O-O-O+ Ke7 11. f3 Be6 12. g3 Rhd8 13. Rxd8 Rxd8 14.
Be2 Rd4 15. a3 h6 16. Rd1 a5 17. Bf1 g6 18. Ne2 Rd6 19. Nf4 Bd7 20. Nd3 c4 21.
e5 cxd3 22. exd6+ cxd6 23. Re1+ Be6 24. Bxd3 Kd7 25. Be4 Ne8 26. Rd1 f5 27. Bd3
Nf6 28. Bf1 g5 29. Rd4 Kc7 30. h4 c5 31. Rd2 Bd5 32. hxg5 hxg5 33. Bg2 f4 34.
gxf4 gxf4 35. Re2 Kd8 36. Re1 Ng4 37. fxg4 Bxg2 38. Re6 f3 39. Rf6 Ke7 40. g5
d5 41. Kd2 d4 42. c3 1-0

[Event "Eveil Printanier"]
[Site "Gatineau CAN"]
[Date "2016.03.08"]
[Round "2"]
[White "Latreille, Etienne"]
[Black "Thibault, Mario"]
[Result "0-1"]
[WhiteElo "1496"]
[BlackElo "1767"]
[PlyCount "154"]
[EventDate "2016.03.01"]
[EventType "swiss"]
[EventRounds "5"]
[EventCountry "CAN"]

1. e4 c5 2. Bc4 g6 3. c3 e6 4. Nf3 Bg7 5. d3 Ne7 6. Bf4 d6 7. Na3 a6 8. Nc2 O-O
9. O-O Nbc6 10. Re1 b5 11. Bb3 Bb7 12. Ne3 Na5 13. a4 Qd7 14. Ba2 Bc6 15. Nc2
bxa4 16. d4 Nb3 17. Rb1 c4 18. Qe2 Bb5 19. Ne3 Rac8 20. Nd2 d5 21. f3 Rfe8 22.
e5 Rb8 23. Bxb3 axb3 24. Qf2 a5 25. g4 Rb6 26. h4 f6 27. Ng2 Rf8 28. Re2 f5 29.
Qg3 Rf7 30. Ne3 Kf8 31. Rh2 Ng8 32. h5 g5 33. Bxg5 Bh6 34. Bxh6+ Nxh6 35. Qh4
fxg4 36. fxg4 Qe7 37. Qxe7+ Kxe7 38. Rf1 Rxf1+ 39. Kxf1 a4 40. Nb1 Nf7 41. Rf2
Ng5 42. Kg2 Rb8 43. Nf1 Ne4 44. Rf4 Rg8 45. Nh2 Be8 46. Kf3 Ng5+ 47. Kg2 Rg7
48. Na3 Ne4 49. Kf3 h6 50. Nb1 Bf7 51. Na3 Bg8 52. Ke2 Rf7 53. Rxf7+ Kxf7 54.
Nf3 Bh7 55. Ke1 Ke7 56. Nh2 Ng5 57. Nf1 Be4 58. Ng3 Bf3 59. Kf2 Bxg4 60. Ke3
Bf5 61. Kf4 Bd3 62. Ke3 Bh7 63. Kf4 Nh3+ 64. Kf3 Bc2 65. Ke2 Nf4+ 66. Kd2 Bh7
67. Kc1 Nd3+ 68. Kd2 Nxb2 69. Nf1 Nd3 70. Ne3 Nf4 71. Nd1 Nxh5 72. Nb2 Nf4 73.
Nxa4 h5 74. Ke3 Nd3 75. Kf3 b2 76. Kg3 Kf7 77. Kh4 Bg6 0-1

[Event "Eveil Printanier"]
[Site "Gatineau CAN"]
[Date "2016.03.08"]
[Round "2"]
[White "Scantland, Patrick"]
[Black "Gagnon, Fabien"]
[Result "0-1"]
[WhiteElo "1691"]
[BlackElo "2008"]
[PlyCount "68"]
[EventDate "2016.03.01"]
[EventType "swiss"]
[EventRounds "5"]
[EventCountry "CAN"]

1. d4 d5 2. c4 e6 3. Nc3 f5 4. Nf3 Nf6 5. g3 c6 6. cxd5 exd5 7. Bg2 Bd6 8. O-O
Qc7 9. Bd2 O-O 10. Rc1 Qf7 11. Ne5 Qe7 12. f4 Nbd7 13. a3 Ne4 14. Nxe4 dxe4 15.
e3 Nb6 16. Re1 Be6 17. Bf1 Rfd8 18. Qc2 c5 19. dxc5 Bxc5 20. Ba5 Rac8 21. Qe2
Bd6 22. Bxb6 axb6 23. Qb5 Rxc1 24. Rxc1 Bc5 25. Kf2 Rd2+ 26. Be2 Qd8 27. Rd1
Bxe3+ 28. Kg2 Rxd1 29. Bxd1 h6 30. Qe2 Qd2 31. Qxd2 Bxd2 32. b3 Bc3 33. Ng6 Kf7
34. Nh4 g5 0-1

[Event "Eveil Printanier"]
[Site "Gatineau CAN"]
[Date "2016.03.01"]
[Round "3"]
[White "Desjardins, Michel"]
[Black "Scantland, Patrick"]
[Result "1-0"]
[WhiteElo "1910"]
[BlackElo "1691"]
[PlyCount "45"]
[EventDate "2016.03.01"]
[EventType "swiss"]
[EventRounds "5"]
[EventCountry "CAN"]

1. e4 c5 2. c3 d5 3. exd5 Qxd5 4. d4 e6 5. Nf3 Nf6 6. Na3 cxd4 7. Nb5 Qd8 8.
Qxd4 Be7 9. Qxd8+ Kxd8 10. Bf4 Na6 11. O-O-O+ Bd7 12. Ne5 Rf8 13. Bg5 Nd5 14.
Bxe7+ Kxe7 15. Nxd7 Kxd7 16. c4 Rfc8 17. Kb1 Rc5 18. cxd5 exd5 19. Nc3 Nc7 20.
g3 Rd8 21. Bg2 Kc8 22. Rd4 Ne6 23. Rxd5 1-0

[Event "Eveil Printanier"]
[Site "Gatineau CAN"]
[Date "2016.03.01"]
[Round "3"]
[White "Lecorre, Joel"]
[Black "Dupont-Mageau, Nicolas"]
[Result "1-0"]
[WhiteElo "1592"]
[BlackElo "1464"]
[PlyCount "35"]
[EventDate "2016.03.01"]
[EventType "swiss"]
[EventRounds "5"]
[EventCountry "CAN"]

1. e4 e5 2. Bc4 Nf6 3. d3 h6 4. Nf3 Nc6 5. c3 d5 6. exd5 Nxd5 7. Nbd2 Bg4 8. h3
Bh5 9. O-O f5 10. Re1 Qd6 11. Bb5 O-O-O 12. Nc4 Qf6 13. Bxc6 bxc6 14. Ncxe5 g5
15. Qa4 Nb6 16. Qxa7 g4 17. Nd4 c5 18. Qa6+ 1-0

[Event "Eveil Printanier"]
[Site "Gatineau CAN"]
[Date "2016.03.01"]
[Round "3"]
[White "Raymond, Daniel"]
[Black "Seguin, Hubert"]
[Result "1/2-1/2"]
[WhiteElo "1794"]
[BlackElo "1561"]
[PlyCount "80"]
[EventDate "2016.03.01"]
[EventType "swiss"]
[EventRounds "5"]
[EventCountry "CAN"]

1. e4 c5 2. Nf3 Nc6 3. Nc3 d6 4. d4 cxd4 5. Nxd4 g6 6. Be2 Bg7 7. Be3 Nf6 8.
O-O O-O 9. Bg5 Ne8 10. Nb3 Be6 11. f4 f6 12. Bh4 f5 13. Bf3 Qc7 14. Qd2 Nf6 15.
Rfe1 Bc4 16. Nd5 Qd7 17. Nc5 Qc8 18. e5 dxc5 19. exf6 exf6 20. Qc3 Bxd5 21.
Bxd5+ Kh8 22. Qxc5 g5 23. Bg3 Rd8 24. Be6 Qc7 25. fxg5 f4 26. Bf2 fxg5 27. c3
h6 28. Rad1 Rxd1 29. Rxd1 Rd8 30. Rxd8+ Qxd8 31. Qd5 Qe8 32. Qd7 Qxd7 33. Bxd7
Ne5 34. Bf5 b6 35. Kf1 Nc4 36. b3 Nd6 37. Bd3 Bxc3 38. Ke2 Kg7 39. Bb1 Kf6 40.
Kd3 Be5 1/2-1/2

[Event "Eveil Printanier"]
[Site "Gatineau CAN"]
[Date "2016.03.01"]
[Round "3"]
[White "Rose, Richard"]
[Black "Jobin, Gilles G"]
[Result "1-0"]
[WhiteElo "1882"]
[BlackElo "1752"]
[PlyCount "83"]
[EventDate "2016.03.01"]
[EventType "swiss"]
[EventRounds "5"]
[EventCountry "CAN"]

1. e4 d6 2. d4 Nf6 3. Nc3 e5 4. Nf3 Nbd7 5. Bc4 Be7 6. O-O O-O 7. Re1 c6 8. Bb3
exd4 9. Nxd4 Nc5 10. Bg5 Nxb3 11. axb3 Ne8 12. Bf4 Bg5 13. Qf3 Bxf4 14. Qxf4
Qf6 15. Qe3 Nc7 16. f4 Ne6 17. e5 dxe5 18. fxe5 Qf4 19. Qxf4 Nxf4 20. Ne4 Nd5
21. Nd6 Ne7 22. c4 b6 23. e6 fxe6 24. Nxc8 Rfxc8 25. Rxe6 Rc7 26. Rae1 Rd8 27.
Nf3 Ng6 28. Ng5 Nf8 29. Re8 Rcc8 30. R8e7 h6 31. Ne4 Rd3 32. Nc3 Rd2 33. Rxa7
Rxb2 34. Ree7 Rxb3 35. Ne4 Rb1+ 36. Kf2 Rb2+ 37. Kg3 Rb3+ 38. Kg4 Rd8 39. Rxg7+
Kh8 40. Nf6 h5+ 41. Kxh5 Rd7 42. Rg8# 1-0